00955 2200313 4500001002100000005001500021035002500036008004100061082001700102090002000119100001300139245020300152260003100355300004500386500002300431500001600454650002000470700001600490700001400506850000900520985000600529999001500535007000300550040001700553084001700570990001800587990001800605990001800623YOGYA-0209000007393520240506094520 a0010-020900000073935090227s1992 yoi g ind d042[22]a778.35 aSK 778.35 SUT p aSutarman aPemanfaatan citra spot dan foto udara pankromatik hitam-putih untik pemetaan bahan galian golongan C Kabupaten Kulon Progo Propinsi Daerah Istimewa Yogyakarta /coleh Sutarman, EV.Budiadi, Suhartono aYogyakarta :b[s.n],c1992 axiv,71 lembar :bilus. ;c30 cm.e+ peta aLaporan Penelitian aAda petanya 4aFotografi udara aBudiadi, EV aSuhartono aBPAD a1 a08A0036569ta aYOPDYOGbind a778.35 SUT p a36569-PD/A.08 a36569-PD/A.08 a36569-PD/A.08